Argentine Capitals - Map - Statistics

General Stats
  • This quiz has been taken 51 times
    49 since last reset
  • The average score is 18 of 24
Answers on the Map
Answers color-coded by a green-red scale on the quiz's map according to % correct below.
 
Answer Stats
Capital % Correct
Ciudad Autónoma de Buenos Aires
96%
Mendoza
93%
Córdoba
89%
La Plata
89%
Neuquén
89%
San Luis
86%
Santiago del Estero
86%
Ushuaia
86%
Formosa
82%
Salta
82%
Santa Fe
82%
San Miguel de Tucumán
79%
Corrientes
75%
La Rioja
75%
San Juan
71%
Resistencia
64%
Paraná
61%
San Salvador de Jujuy
57%
Posadas
54%
Rawson
54%
Rio Gallegos
54%
Santa Rosa
54%
San Fernando del Valle de Catamarca
50%
Viedma
50%
No matching quizzes found
Score Distribution
Percent of People with Each Score
Percentile by Number Answered
Your Score History
You have not taken this quiz since the last reset